| 000 | 00728 a2200193 4500 | ||
|---|---|---|---|
| 001 | 137871 | ||
| 020 | _a9788522477685 | ||
| 040 | _cLeonardo Da Vinci | ||
| 041 | _aPortuguês | ||
| 082 |
_a657 A449c _bA449c |
||
| 100 | _aALMEIDA, Marcelo Cavalcanti | ||
| 245 |
_aContabilidade avançada _btextos, exemplos e exercícios resolvidos |
||
| 250 | _a3. ed | ||
| 260 |
_bAtlas _c2013 _aSão Paulo |
||
| 300 | _a197 | ||
| 362 | _a20130000 | ||
| 697 |
_aCiências Contábeis _aContabilidade _aInvestimento _aConsolidação _aIncorporação _aCisão _aFusão _aDissolução _aLiquidação _aExtinção _aTradução para Moeda Estrangeira _aFASB-52 _aContabilidade em Moeda Forte _aÁgio _aDeságio _aUFIR _aIGPM _aSociedade _aFIPEN |
||
| 942 | _cBK | ||
| 999 |
_c137871 _d137871 |
||